| 000 | 00654nam a2200229 i 4500 | ||
|---|---|---|---|
| 001 | 13267 | ||
| 003 | ES-MaACL | ||
| 005 | 20230906150534.0 | ||
| 007 | t| | ||
| 008 | 980120s1996 sp ||||1| spa d | ||
| 020 | _a84-8239-133-X | ||
| 080 | _a929 Pablo, Santo | ||
| 100 | 1 |
_aDreyfus, Paul. _945625 |
|
| 245 | 1 | 0 |
_aPablo de Tarso _b: ciudadano del imperio / _cPaul Dreyfus. |
| 260 |
_aMadrid : _bPalabra, _cD.L. 1996. |
||
| 300 |
_a487 p. ; _c23 cm. |
||
| 490 | 1 | _aAyer y hoy de la historia | |
| 600 | 0 | 4 |
_aPablo _cSanto. _988088 |
| 830 | 0 |
_aAyer y hoy de la historia _9179460 |
|
| 852 |
_aES-MaACL _jL-20630 _bR.126311 |
||
| 999 |
_c13267 _d13267 |
||